00410pab a2200145 454500008004000000100002200040245009800062260000900160300001400169362000800183650001800191650001000209700001900219773002600238180718b2005 xxu||||| |||| 00| 0 eng d aSastri, A.S. Rama aIs there excess capacity in Indian banking? An empirical study during the post reforms period c2005 ap.185-96. aAug aBanks - India aBanks aJayraman, A.R. aAsian Economic Review